Sports Quiz

Random Sports or City Quiz
Score 0/233 Timer 12:00
1 Play Today
Year Host City % Correct
1985New York City, NY
98.5%
1988New York City, NY
98.3%
1991New York City, NY
98.3%
1994New York City, NY
98.3%
1996New York City, NY
98.3%
1998New York City, NY
98.3%
2000New York City, NY
98.3%
2002New York City, NY
98.3%
2004New York City, NY
98.3%
2005New York City, NY
98.3%
2006New York City, NY
98.3%
2008New York City, NY
98.3%
1986Los Angeles, CA
96.3%
1991Los Angeles, CA
96.3%
2002Los Angeles, CA
96.3%
2004Los Angeles, CA
96.3%
2005Los Angeles, CA
96.3%
2007Los Angeles, CA
96.3%
1994Chicago, IL
95%
1989Houston, TX
92.7%
1998Houston, TX
92.7%
2001Houston, TX
92.7%
2003Houston, TX
92.7%
2005Houston, TX
92.7%
2007Houston, TX
92.7%
1991Miami, FL
91.7%
2006Miami, FL
91.7%
2007Miami, FL
91.7%
1991Detroit, MI
91.5%
1999Detroit, MI
91.5%
2002Detroit, MI
91.5%
2005Detroit, MI
91.5%
2007Detroit, MI
91.5%
2000Dallas, TX
89.8%
2003Dallas, TX
89.8%
2008Dallas, TX
89.8%
1993Boston, MA
89.5%
1998Boston, MA
89.5%
2000Boston, MA
89.5%
2003Boston, MA
89.5%
2006Boston, MA
89.5%
2008Boston, MA
89.5%
1990Philadelphia, PA
89.2%
1995Philadelphia, PA
89.2%
1996Philadelphia, PA
89.2%
1999Philadelphia, PA
89.2%
2000Philadelphia, PA
89.2%
2004Philadelphia, PA
89.2%
2006Philadelphia, PA
89.2%
1993Las Vegas, NV
88.7%
2001Las Vegas, NV
88.7%
1986Toronto, ON
88.1%
1990Toronto, ON
88.1%
2002Toronto, ON
88.1%
2004Toronto, ON
88.1%
2006Toronto, ON
88.1%
2003Seattle, WA
87%
1991San Antonio, TX
86.9%
1994San Antonio, TX
86.9%
1997San Antonio, TX
86.9%
2007San Antonio, TX
86.9%
1985Rosemont, IL
86.3%
1989Rosemont, IL
86.3%
1997Rosemont, IL
86.3%
1998Rosemont, IL
86.3%
2001Rosemont, IL
86.3%
2006Rosemont, IL
86.3%
2007Rosemont, IL
86.3%
1986Rosemont, IL
86.3%
1990Orlando, FL
85.6%
2003Orlando, FL
85.6%
2008Orlando, FL
85.6%
2002Atlanta, GA
84.4%
2007Atlanta, GA
84.4%
1995Pittsburgh, PA
84.3%
1998Pittsburgh, PA
84.3%
2001Pittsburgh, PA
84.3%
2005Pittsburgh, PA
84.3%
Year Host City % Correct
2007Pittsburgh, PA
84.3%
1992Indianapolis, IN
83.2%
1996Indianapolis, IN
83.2%
2006Indianapolis, IN
83.2%
2008Indianapolis, IN
83.2%
1996Cleveland, OH
82.7%
1999Cleveland, OH
82.7%
2001Cleveland, OH
82.7%
2004Cleveland, OH
82.7%
2008Cleveland, OH
82.7%
2001London, UK
82%
1992London, UK
82%
1998London, UK
82%
2000London, UK
82%
2002London, UK
82%
2000Washington, DC
81.3%
2005Washington, DC
81.3%
2007Washington, DC
81.3%
1992Richfield, OH
80.8%
1997St. Louis, MO
80.8%
2001St. Louis, MO
80.8%
2007St. Louis, MO
80.8%
1987Richfield, OH
80.6%
1988Richfield, OH
80.6%
2001San Diego, CA
80.2%
2005San Diego, CA
80.2%
2008San Diego, CA
80.2%
1995Landover, MD
79.6%
1997Montreal, QC
79%
2003Montreal, QC
79%
2003Phoenix, AR
78.9%
2006Phoenix, AZ
78.9%
2008Phoenix, AZ
78.9%
1995Tampa, FL
77.9%
2000Tampa, FL
77.9%
2001New Orleans, LA
77.9%
1998St. Louis, MO
77.8%
1999Kansas City, MO
77.5%
2002Kansas City, MO
77.5%
2007Kansas City, MO
77.5%
1999Charlotte, NC
76.5%
2003Charlotte, NC
76.5%
2006Charlotte, NC
76.5%
1994Baltimore, MD
76.2%
2006Baltimore, MD
76.2%
2008Baltimore, MD
76.2%
1999Minneapolis, MN
76%
2005Minneapolis, MN
76%
1987Pontiac, MI
75.4%
2004Portland, OR
75.3%
2008Portland, OR
75.3%
1989East Rutherford, NJ
75.2%
1997East Rutherford, NJ
75.2%
2001East Rutherford, NY
75.2%
2004East Rutherford, NY
75.2%
2007East Rutherford, NY
75.2%
1995Nashville, TN
74.8%
1989Nashville, TN
74.8%
2003Denver, CO
74.1%
1990Hartford, CT
73.7%
1995Hartford, CT
73.7%
2000Hartford, CT
73.7%
2004Hartford, CT
73.7%
1999Memphis, TN
73.5%
2007Memphis, TN
73.5%
1996Milwaukee, WI
72.3%
1998Milwaukee, WI
72.3%
2002Milwaukee, WI
72.3%
2004Milwaukee, WI
72.3%
2002Nashville, TN
72.2%
1988Atlantic City, NJ
70.8%
1989Atlantic City, NJ
70.8%
1996Vancouver, BC
70.4%
1998Vancouver, BC
70.4%
1996Anaheim, CA
69.2%
1999Anaheim, CA
69.2%
2000Anaheim, CA
69.2%
2006Cincinnati, OH
68.4%
Year Host City % Correct
1997Calgary, AB
68.1%
2002Columbus, OH
67.9%
2004Columbus, OH
67.9%
1993Sacramento, CA
67.5%
2001Sacramento, CA
67.5%
1998San Jose, CA
67.2%
2001San Jose, CA
67.2%
2007San Jose, CA
67.2%
1999Buffalo, NY
67%
2005Buffalo, NY
67%
2008Buffalo, NY
67%
2007Jacksonville, FL
65.4%
2005Oklahoma City, OK
63.6%
1992Albany, NY
63.5%
2000Albany, NY
63.5%
2006Albany, NY
63.5%
2000Raleigh, NC
63.2%
2006Raleigh, NC
63.2%
1996Louisville, KY
62.5%
2000Louisville, KY
62.5%
1997Birmingham, UK
61.4%
1999Birmingham, UK
61.4%
2000Birmingham, AL
61.4%
1993Auburn Hills, MI
61.2%
1994Providence, RI
61.1%
1997Providence, RI
61.1%
1999Providence, RI
61.1%
2005Providence, RI
61.1%
1997Richmond, VA
59.4%
2006Richmond, VA
59.4%
1999Manchester, UK
56%
2002Manchester, UK
56%
2005Manchester, NH
56%
2001Manchester, UK
56%
2003Baltimore, MD
55.9%
2004Edmonton, AB
54.2%
2002Uniondale, NY
53.1%
2008Uniondale, NY
53.1%
1986Uniondale, NY
53.1%
1999Sunrise, FL
52.4%
1996West Palm Beach, FL
51.5%
1996North Charleston, SC
51.2%
2002North Little Rock, AR
51%
1996Omaha, NE
50.6%
2005Paradise, NV
50.6%
2008Paradise, NV
50.6%
2008Omaha, NE
50.6%
1995Syracuse, NY
47.6%
2004Duluth, GA
47.6%
1995Winnipeg, MB
47.5%
1997Louisville, KY
47.4%
1998Greensboro, NC
47.4%
1999Greensboro, NC
47.4%
2001Greensboro, NC
47.4%
1998Fresno, CA
47.3%
1996Fresno, CA
47.3%
2005Fresno, CA
47.3%
2004Daly City, CA
45.5%
1993Dayton, OH
44.9%
1997Springfield, MA
43.2%
2006Lexington, KY
42.5%
1997Rochester, NY
41.7%
1988Hamilton, ON
41.1%
1998Hamilton, ON
41.1%
2004Norfolk, VA
37.4%
1995Hershey, PA
35.6%
2003Hershey, PA
35.6%
2005San Juan, PR
35.5%
2003Worcester, MA
32.6%
1997Chattanooga, TN
29.2%
2002Melbourne, AU
26.8%
2006Augusta, GA
26%
2000Sheffield, UK
24.6%
1996Florence, SC
23.5%
2003Newcastle, UK
21%
1995Saginaw, MI
20.9%
2002Sunrise, FL
20.9%
Remove Ads.
Support Sporcle.
Get the best of Sporcle when you Go Orange. This ad-free experience offers more features, more stats, and more fun while also helping to support Sporcle. Thank you for becoming a member.

You're not logged in!

Compare scores with friends on all Sporcle quizzes.
OR
Log In

Show Comments

Extras

Top Quizzes Today


Score Distribution

Your Account Isn't Verified!

In order to create a playlist on Sporcle, you need to verify the email address you used during registration. Go to your Sporcle Settings to finish the process.

Report this User

Report this user for behavior that violates our Community Guidelines.

Details: